<?xml version="1.0" encoding="UTF-8"?><?xml-stylesheet type="text/xsl" href="static/style.xsl"?><OAI-PMH xmlns="http://www.openarchives.org/OAI/2.0/" xmlns:xsi="http://www.w3.org/2001/XMLSchema-instance" xsi:schemaLocation="http://www.openarchives.org/OAI/2.0/ http://www.openarchives.org/OAI/2.0/OAI-PMH.xsd"><responseDate>2026-04-28T05:59:22Z</responseDate><request verb="GetRecord" identifier="oai:riubu.ubu.es:10259/10528" metadataPrefix="marc">https://riubu.ubu.es/oai/request</request><GetRecord><record><header><identifier>oai:riubu.ubu.es:10259/10528</identifier><datestamp>2025-06-10T00:05:23Z</datestamp><setSpec>com_10259_7380</setSpec><setSpec>com_10259_5086</setSpec><setSpec>com_10259_2604</setSpec><setSpec>col_10259_7381</setSpec></header><metadata><record xmlns="http://www.loc.gov/MARC21/slim" xmlns:doc="http://www.lyncode.com/xoai" xmlns:xsi="http://www.w3.org/2001/XMLSchema-instance" xmlns:dcterms="http://purl.org/dc/terms/" xsi:schemaLocation="http://www.loc.gov/MARC21/slim http://www.loc.gov/standards/marcxml/schema/MARC21slim.xsd">
<leader>00925njm 22002777a 4500</leader>
<datafield tag="042" ind1=" " ind2=" ">
<subfield code="a">dc</subfield>
</datafield>
<datafield tag="720" ind1=" " ind2=" ">
<subfield code="a">Blanco Alcántara, David</subfield>
<subfield code="e">author</subfield>
</datafield>
<datafield tag="720" ind1=" " ind2=" ">
<subfield code="a">Diez, Jose Maria</subfield>
<subfield code="e">author</subfield>
</datafield>
<datafield tag="720" ind1=" " ind2=" ">
<subfield code="a">López de Foronda Pérez, Óscar</subfield>
<subfield code="e">author</subfield>
</datafield>
<datafield tag="720" ind1=" " ind2=" ">
<subfield code="a">Miranda Sanz, Luis</subfield>
<subfield code="e">author</subfield>
</datafield>
<datafield tag="260" ind1=" " ind2=" ">
<subfield code="c">2017-11</subfield>
</datafield>
<datafield tag="520" ind1=" " ind2=" ">
<subfield code="a">El presente trabajo analiza la presencia de mujeres en el comité de sostenibilidad del consejo de las principales empresas europeas. Cuando las mujeres lideran las políticas de responsabilidad social, el consejo de administración se orienta en mayor medida a un enfoque stakeholder y facilitan su incorporación en prestigiosos índices de sostenibilidad, como el Dow Jones Sustainability Index (DJSI), convirtiéndose por tanto en una de las empresas líderes en esta materia. De este modo, la inclusión de mujeres e independientes, así como la existencia de un comité de sostenibilidad, se considera crucial para ser una de las mejores empresas que lideren internacionalmente las políticas de responsabilidad social corporativa.&#xd;
&#xd;
El estudio se realiza para una muestra de 486 grandes empresas europeas cotizadas pertenecientes al StoxxEurope 600 en 2011, año de la creación de los Principios Rectores de la ONU para las empresas en acciones de sostenibilidad y derechos humanos. Nuestros resultados demuestran que solo la presencia de consejeros independientes en el consejo no garantiza la pertenencia de la empresa en el DJSI, pero la existencia en el consejo de un comité específico liderado por mujeres tiene una influencia positiva que, en último término, consigue aumentar el valor de la compañía.</subfield>
</datafield>
<datafield tag="024" ind2=" " ind1="8">
<subfield code="a">2695-6896</subfield>
</datafield>
<datafield tag="024" ind2=" " ind1="8">
<subfield code="a">https://hdl.handle.net/10259/10528</subfield>
</datafield>
<datafield tag="024" ind2=" " ind1="8">
<subfield code="a">10.51302/rcyt.2017.4513</subfield>
</datafield>
<datafield tag="024" ind2=" " ind1="8">
<subfield code="a">2792-8306</subfield>
</datafield>
<datafield ind1=" " ind2=" " tag="653">
<subfield code="a">Comité de sostenibilidad</subfield>
</datafield>
<datafield ind1=" " ind2=" " tag="653">
<subfield code="a">Consejeros independientes</subfield>
</datafield>
<datafield ind1=" " ind2=" " tag="653">
<subfield code="a">Responsabilidad social corporativa</subfield>
</datafield>
<datafield ind1=" " ind2=" " tag="653">
<subfield code="a">Mujeres</subfield>
</datafield>
<datafield ind1=" " ind2=" " tag="653">
<subfield code="a">Creación de valor</subfield>
</datafield>
<datafield tag="245" ind1="0" ind2="0">
<subfield code="a">Las mujeres toman el mando: Un estudio de las empresas líderes en sostenibilidad</subfield>
</datafield>
</record></metadata></record></GetRecord></OAI-PMH>